[Event "EuTCh"]
[Site "Leon ESP"]
[Date "2001.11.13"]
[Round "7"]
[White "Damljanovic,B"]
[Black "Mitkov,N"]
[Result "0-1"]
[WhiteElo "2569"]
[BlackElo "2514"]

1.c4 e6 2.Nf3 d5 3.d4 Nf6 4.Nc3 Bb4 5.Qa4+ Nc6 6.e3 O-O 7.Bd2 Re8 8.Rd1 a6
9.Qc2 h6 10.a3 Bd6 11.h3 dxc4 12.Bxc4 e5 13.d5 Ne7 14.e4 Ng6 15.Be3 b5 16.Be2 Bd7
17.O-O Nh5 18.Nh2 Nhf4 19.Bg4 Bxg4 20.hxg4 Qh4 21.f3 h5 22.Kh1 hxg4 23.fxg4 Nf8
24.Rf3 Qe7 25.Rdf1 Nh7 26.g3 Ng6 27.Rxf7 Qxf7 28.Rxf7 Kxf7 29.Qf2+ Kg8 30.Qf5 Nhf8
31.Nf3 Re7 32.Ng5 Nh8 33.b4 Nf7 34.Ne6 Rae8 35.Bg5 Nxe6 36.dxe6 Rxe6 37.Nd5 Nxg5
38.Qxg5 c6 39.Ne3 Bf8 40.Kg2 R8e7 41.Nf5 Rd7 42.Qe3 g6 43.Qb3 Kf7 44.g5 Rc7
45.Nh4 Re7 46.Qc3 Rd7 47.Qf3+ Ke7 48.Qf2 c5 49.bxc5 Ke8 50.Qc2 Rc6 51.Nf5 Kf7
52.Nh6+ Bxh6 53.gxh6 Kg8 54.Qa2+ Kh7 55.Kf3 Re7 56.Kg4  0-1

[Event "Open A"]
[Site "Genova ITA"]
[Date "2001.11.22"]
[Round "4"]
[White "Molina,Fa"]
[Black "Astengo,M"]
[Result "1-0"]
[WhiteElo "2305"]
[BlackElo "2076"]

1.c4 e6 2.Nf3 d5 3.b3 Be7 4.Bb2 Bf6 5.Nc3 Ne7 6.g3 O-O 7.Bg2 c6 8.O-O Nd7
9.Qc2 Re8 10.Rfe1 Ng6 11.d4 Nb6 12.c5 Nd7 13.e4 dxe4 14.Nxe4 Be7 15.Ne5 Nf6
16.Ng5 Rf8 17.h4 Nd5 18.Nxh7 Nb4 19.Qd2 Nxe5 20.Rxe5 Kxh7 21.Qxb4 Bf6 22.Rh5+ Kg8
23.Qd2 e5 24.Qc2 g6 25.dxe5 Bg7 26.Rg5 Bh6 27.Rd1 Qe7 28.e6 Bxg5 29.exf7+ Qxf7
30.hxg5 Bf5 31.Qc3 Qh7 32.Rd4 Qg7 33.Bf1 Rfe8 34.Bc4+ Be6 35.Bxe6+  1-0

[Event "Open A"]
[Site "Genova ITA"]
[Date "2001.11.25"]
[Round "9"]
[White "Van Hoolandt,P"]
[Black "Astengo,M"]
[Result "1-0"]
[WhiteElo "2155"]
[BlackElo "2076"]

1.c4 e6 2.Nf3 d5 3.b3 Nf6 4.g3 c6 5.Bg2 Nbd7 6.Bb2 Bd6 7.Nc3 O-O 8.Qc2 Qe7
9.a3 Nb6 10.e4 e5 11.exd5 cxd5 12.Nb5 Bb8 13.a4 Re8 14.a5 Nbd7 15.Ba3 Qd8
16.Nd6 e4 17.Nd4 Ne5 18.Nxe8 Nd3+ 19.Kf1 Nxe8 20.Re1 Qf6 21.Qxd3 Be5 22.Bxe4 Bh3+
23.Bg2 Bxd4 24.Qe2 Bd7 25.Be7 Qf5 26.Bxd5 Nc7 27.Be4 Qh3+ 28.Bg2 Qf5 29.a6 Nxa6
30.Qf3 Re8 31.Qxf5 Bxf5 32.Bxb7 Bc5 33.Bxc5 Rxe1+ 34.Kxe1 Nxc5 35.Bd5 Nxb3
36.f3 a5 37.g4 Bd3 38.Kf2 a4 39.Re1 Kf8 40.Bc6  1-0

[Event "NCC"]
[Site "Philadelphia USA"]
[Date "2001.11.25"]
[Round "6"]
[White "Greanias,S"]
[Black "Ariel,D"]
[Result "0-1"]
[WhiteElo "2218"]
[BlackElo "2354"]

1.c4 e6 2.Nf3 d5 3.d4 Nf6 4.g3 c6 5.Bg2 Nbd7 6.Qc2 Bd6 7.O-O O-O 8.Nbd2 Re8
9.b3 Qe7 10.Bb2 e5 11.cxd5 cxd5 12.dxe5 Nxe5 13.Nd4 Bg4 14.Nf5 Qd7 15.Nxd6 Qxd6
16.Rfe1 Rac8 17.Qb1 Nc6 18.Bxf6 Qxf6 19.Bxd5 Nd4 20.Bxb7 Rc2 21.Ne4 Qb6 22.Bd5 Bxe2
23.Ng5 Rec8 24.Bxf7+ Kh8 25.Bc4 Bxc4 26.Qd1 Be2  0-1

[Event "9th YM"]
[Site "Loures POR"]
[Date "2001.12.03"]
[Round "7"]
[White "Vassallo,M"]
[Black "Guerra,V"]
[Result "1/2-1/2"]
[WhiteElo "2454"]
[BlackElo "2160"]

1.Nf3 e6 2.c4 d5 3.e3 Nf6 4.b3 Be7 5.Bb2 O-O 6.d4 dxc4 7.bxc4 c5 8.Bd3 b6
9.O-O Nc6 10.Nc3 Bb7 11.Rc1 Rc8 12.d5 exd5 13.cxd5 Nb4 14.e4 Nxd3 15.Qxd3 c4
16.Qc2 Bb4 17.a3 Ba5 18.Rcd1 Re8 19.Rfe1 Nd7 20.Re3 Nc5 21.Ne1 Ba6 22.Rg3 f6
23.h4 Bxc3 24.Bxc3 Nxe4 25.Rg4 Nxc3 26.Qxc3 Qd7 27.Rg3 Re5 28.Nc2 Rxd5 29.Rxd5 Qxd5
30.Nb4 Qd1+ 31.Kh2 Bb7 32.Qxf6 Qd7 33.Qe5 h6 34.Nc2 c3 35.Rxc3 Rxc3 36.Qxc3 Qc6
37.Qb3+ Qd5 38.Qg3 a5 39.Ne3 Qe4 40.Qb8+ Kh7 41.Qc7 Qxh4+  1/2-1/2

[Event "9th YM"]
[Site "Loures POR"]
[Date "2001.12.07"]
[Round "11"]
[White "Francisco,J"]
[Black "Guerra,V"]
[Result "0-1"]
[WhiteElo "2210"]
[BlackElo "2160"]

1.Nf3 e6 2.c4 d5 3.d4 Nf6 4.Bg5 Be7 5.e3 O-O 6.Nbd2 Nbd7 7.cxd5 exd5 8.Bd3 c6
9.h3 Ne4 10.Bf4 f5 11.Qe2 Ndf6 12.O-O-O Be6 13.Kb1 a5 14.Ne5 a4 15.f3 Nd6
16.g4 Nd7 17.Nxd7 Qxd7 18.Rdg1 b6 19.Qh2 c5 20.Be5 Ne8 21.Ka1 c4 22.gxf5 Bxf5
23.Bxf5 Rxf5 24.e4 Rf7 25.exd5 Qxd5 26.Ne4 a3 27.Qd2 axb2+ 28.Kb1 Rxf3 29.Nc3 Qf7
30.Qxb2 Qf5+ 31.Qc2 Qxc2+ 32.Kxc2 Bb4 33.Nd5 Rf2+ 34.Kb1 Bf8 35.Nxb6 Raxa2
36.Nxc4 Ra4 37.Nb2 Rb4 38.d5 Rb5 39.Rh2 Rbxb2+ 40.Bxb2 Rxh2  0-1

[Event "TCh-CZE 2001-2"]
[Site "CZE"]
[Date "2001.12.15"]
[Round "4"]
[White "Sikora Lerch,J"]
[Black "Matlak,M"]
[Result "1/2-1/2"]
[WhiteElo "2330"]
[BlackElo "2488"]

1.c4 e6 2.Nf3 d5 3.b3 Nf6 4.g3 Be7 5.Bg2 O-O 6.O-O b6 7.d4 Bb7 8.Bb2 dxc4
9.bxc4 c5 10.e3 cxd4 11.exd4 Qc7 12.Nbd2 Nc6 13.Rc1 Rad8 14.Qe2 Rfe8 15.Rfd1 Qb8
16.Nf1 Qa8 17.Ne3 Nb8 18.h4 Nbd7 19.Ng5 Bxg2 20.Nxg2 h6 21.Nh3 Ne4 22.Ne3 Bd6
23.c5 Bc7  1/2-1/2

[Event "TCh-CZE 2001-2"]
[Site "CZE"]
[Date "2001.12.15"]
[Round "4"]
[White "Gross,S"]
[Black "Likavsky,T"]
[Result "1/2-1/2"]
[WhiteElo "2369"]
[BlackElo "2415"]

1.Nf3 e6 2.c4 d5 3.d4 Nf6 4.Nc3 Nbd7 5.cxd5 exd5 6.Bg5 Be7 7.e3 O-O 8.Bd3 Re8
9.O-O Nf8 10.Qc2 c6 11.Rab1 Bd6 12.Bf5 Ng6 13.b4 Bxf5 14.Qxf5 Qd7 15.Nh4 Nxh4
16.Qxd7 Nxd7 17.Bxh4 a6 18.Bg3 Bf8 19.a4 Nb6 20.Rfc1 Nc4 21.a5 f5 22.Na4 Re7
23.Nb6 Nxb6 24.axb6 Rd7 25.Kf1 Re8 26.Bc7 g5 27.h3 Rf7 28.g3 h5 29.Kg2 Kh7
30.Rh1 Be7 31.Kf3 Kg6 32.Rhg1 g4+ 33.hxg4 fxg4+ 34.Ke2 Kf5 35.Rh1 Rh8 36.Rh2 h4
37.gxh4 Rxh4 38.Rxh4 Bxh4 39.Rh1 Be7 40.Rh8 Rf8 41.Rh7 Ke6 42.Bf4 Rf7 43.Rh6+ Kd7
44.Rh8 Bd8 45.Rg8 Bxb6 46.Rxg4 Bd8 47.Rg8 Bh4 48.f3 Ke6 49.Re8+ Kf5 50.Bd6 Rd7
51.e4+ dxe4 52.fxe4+ Kf6 53.Bc5 Rh7 54.Kf3 Kf7 55.Rb8 Ke6 56.Kg4 Bf6 57.Re8+ Kf7
58.Rf8+ Ke6 59.Re8+ Kf7 60.Rb8 Ke6 61.Kg3 Rd7 62.Kf4  1/2-1/2

[Event "Salona"]
[Site "Solin-Split CRO"]
[Date "2001.12.15"]
[Round "8"]
[White "Dizdarevic,E"]
[Black "Stevic,H"]
[Result "1/2-1/2"]
[WhiteElo "2490"]
[BlackElo "2511"]

1.c4 e6 2.Nf3 d5 3.e3 Nf6 4.d4 c6 5.Nbd2 Nbd7 6.Bd3 Bd6 7.O-O O-O 8.e4 dxe4
9.Nxe4 Nxe4 10.Bxe4 h6 11.Bc2 e5 12.Re1 exd4 13.Qxd4 Bc5 14.Qd3 Nf6 15.Be3 Qxd3
16.Bxd3 Bxe3 17.Rxe3 Rd8 18.Ne5 Ng4 19.Nxg4  1/2-1/2

[Event "Christmas Open"]
[Site "Zadar CRO"]
[Date "2001.12.21"]
[Round "7"]
[White "Delchev,A"]
[Black "Kovacevic,B"]
[Result "0-1"]
[WhiteElo "2634"]
[BlackElo "2434"]

1.c4 e6 2.Nf3 d5 3.d4 Nf6 4.Nc3 Bb4 5.cxd5 exd5 6.Bg5 Nbd7 7.Qc2 c5 8.dxc5 h6
9.Bf4 Ne4 10.Nd2 Bxc3 11.bxc3 Ndxc5 12.Be3 Qa5 13.Nxe4 Nxe4 14.f3 Nd6 15.Bf4 Nf5
16.e3 g5 17.Be5 O-O 18.Qd2 Re8 19.Bd4 Bd7 20.Be2 Rac8 21.Rb1 Nxd4 22.Qxd4 Qa3
23.Kf2 Rxc3 24.Rxb7 Rcxe3 25.Re1 Bf5 26.Qb2 Qxb2 27.Rxb2 Bd3 28.g4 Kg7 29.Rd2 Bc4
30.Rb2 R3e7 31.Rd2 Kf6 32.Rb2 Re6 33.Rc2 Re3 34.Rb2 R8e7 35.Rc2 Kg7 36.Rb2 Kf6
37.Rd2 Re8 38.Rb2 R3e6  0-1

[Event "ch-AUS"]
[Site "Melbourne AUS"]
[Date "2001.12.30"]
[Round "3"]
[White "Johansen,D"]
[Black "Solomon,SJ"]
[Result "1/2-1/2"]
[WhiteElo "2524"]
[BlackElo "2385"]

1.c4 e6 2.Nf3 d5 3.b3 Nf6 4.g3 Be7 5.Bg2 O-O 6.O-O c5 7.Bb2 Nc6 8.e3 a6 9.Na3 b5
10.cxd5 Nxd5 11.Nc2 Nb6 12.d4 c4 13.Nd2 Qc7 14.bxc4 bxc4 15.Ba3 Rb8 16.Bc5 Na4
17.Bxe7 Nxe7 18.Qe2 c3 19.Nb3 Bd7 20.Rfc1 Bb5 21.Qe1 Rfc8 22.Bf1 g6 23.h4 h5
24.e4 Bxf1 25.Qxf1 Qc6 26.Qe2 Rc7 27.Qe3 Kg7 28.Ne1 e5 29.dxe5  1/2-1/2

[Event "TCh-BEL 2001-2"]
[Site "Belgium BEL"]
[Date "2002.01.06"]
[Round "6"]
[White "Cekro,E"]
[Black "Kuijf,R"]
[Result "1/2-1/2"]
[WhiteElo "2419"]
[BlackElo "2461"]

1.c4 e6 2.Nf3 d5 3.b3 Nf6 4.g3 a5 5.Qc2 a4 6.bxa4 Na6 7.cxd5 exd5 8.Bg2 Be7
9.O-O Nc5 10.Nc3 c6 11.d4 Nce4 12.Bb2 O-O 13.Qb3 Nxc3 14.Bxc3 Ne4 15.Be1 Bf6
16.Rc1 Re8 17.e3 Nd6 18.Bb4 Ne4 19.Nd2 Ng5 20.Bc3 h5 21.h4 Ne6 22.Qd1 g6
23.Re1 Bg7  1/2-1/2

[Event "39th BPCL ch-IND"]
[Site "Nagpur IND"]
[Date "2002.01.17"]
[Round "2"]
[White "Kunte,A"]
[Black "Sriram,J"]
[Result "1/2-1/2"]
[WhiteElo "2479"]
[BlackElo "2408"]

1.c4 e6 2.Nf3 d5 3.cxd5 exd5 4.g3 Nf6 5.Bg2 Be7 6.O-O O-O 7.d4 c6 8.Nc3 Bf5
9.Bf4 Nbd7 10.Rc1 Re8 11.a3 Nb6 12.Ne5 Bd6 13.Na4  1/2-1/2

[Event "TCh-AUT 2001-2"]
[Site "Graz AUT"]
[Date "2002.01.18"]
[Round "6"]
[White "Hoelzl,F"]
[Black "Weinzettl,E"]
[Result "1-0"]
[WhiteElo "2369"]
[BlackElo "2415"]

1.c4 e6 2.Nf3 d5 3.d4 c5 4.cxd5 exd5 5.g3 Nc6 6.Bg2 Nf6 7.O-O Be7 8.Nc3 O-O
9.Bf4 Bg4 10.dxc5 Bxc5 11.Rc1 d4 12.Na4 Bb6 13.a3 Re8 14.Qd3 Qd5 15.Ng5 Qd7
16.Rfe1 h6 17.Ne4 Nxe4 18.Bxe4 Ne5 19.Qb3 Ba5 20.Nc5 Qe7 21.Qxb7 Qxb7 22.Bxb7 Bxe1
23.Bxa8 Ba5 24.f3 Bf5 25.Be4 Bxe4 26.Nxe4 Ng6 27.Kf1 Nxf4 28.gxf4 Bb6 29.b4 f5
30.Nd6 Re3 31.Rc8+ Kh7 32.Nc4 Rb3 33.Rc6 Rb1+ 34.Kg2 d3 35.exd3 Rg1+ 36.Kh3 Bf2
37.Nd6 g6 38.Rc7+ Kg8 39.Re7 Kf8 40.Re2 Be1 41.d4 a6 42.d5 Bc3 43.b5 axb5
44.Nxb5 Bf6 45.Re6 Kg7 46.Nd6 Bd4 47.Nc4 Bf6 48.Re2 g5 49.Rg2 Rc1 50.Ne3 Kg6
51.Rc2 Rg1 52.Rd2 Re1 53.Rd3 Kh5 54.fxg5 hxg5 55.f4  1-0

[Event "39th BPCL ch-IND"]
[Site "Nagpur IND"]
[Date "2002.01.21"]
[Round "6"]
[White "Koshy,V"]
[Black "Gokhale,C"]
[Result "1/2-1/2"]
[WhiteElo "2347"]
[BlackElo "2407"]

1.c4 e6 2.Nf3 d5 3.g3 c5 4.cxd5 exd5 5.d4 Nc6 6.Bg2 Nf6 7.O-O Be7 8.Nc3 O-O
9.Bg5 cxd4 10.Nxd4 h6 11.Be3 Re8 12.Rc1 Bf8 13.Nxc6 bxc6 14.Na4 Qa5 15.a3 Qb5
16.Re1 Bf5 17.Bd4  1/2-1/2

[Event "Unilog-Integrata GM"]
[Site "Griesheim GER"]
[Date "2002.01.26"]
[Round "4"]
[White "Ruck,R"]
[Black "Ginsburg,G"]
[Result "1/2-1/2"]
[WhiteElo "2581"]
[BlackElo "2493"]

1.c4 e6 2.Nf3 d5 3.g3 c5 4.cxd5 exd5 5.d4 Nc6 6.Bg2 Nf6 7.O-O Be7 8.Nc3 O-O
9.Bg5 cxd4 10.Nxd4 h6 11.Be3 Re8 12.Rc1 Bf8 13.Nb3 Be6 14.Bd4 Ne4 15.e3 Rc8
16.Ne2 Bd6 17.a3 a6 18.Rc2 Bf5 19.Re1 Qd7 20.Nc3 Nxd4 21.Nxd4 Nxc3 22.Rxc3 Rxc3
23.bxc3 Be4 24.Qb3 Bd3 25.Rd1 Bc4 26.Qb2 b5 27.Nc2 Qg4 28.Rd2 Be5 29.Nb4 Qc8
30.Nxd5  1/2-1/2

[Event "Kaissa Open"]
[Site "Kharkov UKR"]
[Date "2002.01.30"]
[Round "9"]
[White "Kononenko,T"]
[Black "Grinblat,D"]
[Result "1-0"]
[WhiteElo "2371"]
[BlackElo "2396"]

1.c4 e6 2.Nf3 d5 3.d4 Nf6 4.Nc3 Nbd7 5.cxd5 exd5 6.Bg5 Be7 7.Qc2 c6 8.e3 O-O
9.Bd3 Re8 10.O-O h6 11.Bh4 Ne4 12.Bxe7 Qxe7 13.Bxe4 dxe4 14.Nd2 f5 15.f3 Nf6
16.fxe4 fxe4 17.Rf4 g5 18.Rff1 Kg7 19.Nc4 Ng4 20.h3 Be6 21.Nd1 Bxc4 22.Qxc4 Nf6
23.Nc3 g4 24.Rf4 gxh3 25.Raf1 hxg2 26.R1f2 Rf8 27.Rxg2+ Kh7 28.Rgf2 Rg8+
29.Kf1 Raf8 30.Ke2 Kh8 31.d5 cxd5 32.Qd4 Rg6 33.Nxd5 Qd7 34.Nxf6  1-0

[Event "39th BPCL ch-IND"]
[Site "Nagpur IND"]
[Date "2002.02.01"]
[Round "16"]
[White "Kunte,A"]
[Black "Sareen,V"]
[Result "1-0"]
[WhiteElo "2479"]
[BlackElo "2346"]

1.c4 e6 2.Nf3 d5 3.g3 Nf6 4.Bg2 dxc4 5.Qa4+ Nbd7 6.Qxc4 c5 7.O-O a6 8.Qc2 Qc7
9.b3 b5 10.Bb2 Bb7 11.d3 Be7 12.Nbd2 O-O 13.Rac1 Rac8 14.Qb1 Qb8 15.Qa1 Rfe8
16.a3 Bf8 17.Rc2 h6 18.Rfc1 Qa8 19.Bf1 Bd5 20.Nh4 Bb7 21.Re1 Qb8 22.Rcc1 Red8
23.Ng2 Qd6 24.e4 Qb6 25.Ne3 Re8 26.h3 e5 27.h4 Rcd8 28.Kh2 Bd6 29.Nf3 g6
30.Kg1 h5 31.Bh3 Re7 32.Bc3 Rde8 33.b4 cxb4 34.axb4 Nb8 35.Qb2 Nc6 36.Bg2 Qd8
37.Rcd1 Qb8 38.Ng5 Bc7 39.Nd5 Nxd5 40.exd5 Nd4 41.Ne4 Kg7 42.d6 Bxd6 43.Nxd6  1-0

[Event "Aeroflot Open"]
[Site "Moscow RUS"]
[Date "2002.02.05"]
[Round "1"]
[White "Balashov,Y"]
[Black "Lastin,A"]
[Result "1/2-1/2"]
[WhiteElo "2545"]
[BlackElo "2630"]

1.c4 e6 2.Nf3 d5 3.e3 c5 4.d4 Nc6 5.Nc3 Nf6 6.a3 cxd4 7.exd4 g6 8.cxd5 exd5
9.Bb5 Bg7 10.Qe2+ Be6 11.Ng5 Qe7 12.Nxe6 fxe6 13.Bg5 O-O 14.Rd1 Qd6 15.O-O Nh5
16.Qe3 Rae8 17.Ne2 a6 18.Ba4 b5 19.Bb3 Na5 20.Qd3 Nc4 21.Bc1 Rf7 22.a4 Ref8
23.axb5 axb5 24.Bc2 Qb6 25.b3 Nd6 26.Qh3 Nc8 27.Be3 Ne7 28.Bd3 Nf5 29.g4 Nxe3
30.fxe3 Nf6 31.g5 Nh5 32.Rxf7 Rxf7 33.Rf1 Rc7 34.Qf3 b4 35.Kh1 Qd6 36.e4 dxe4
37.Qxe4 Qd5  1/2-1/2

[Event "Aeroflot Open"]
[Site "Moscow RUS"]
[Date "2002.02.07"]
[Round "5"]
[White "Balashov,Y"]
[Black "Shabanov,Y"]
[Result "1/2-1/2"]
[WhiteElo "2545"]
[BlackElo "2463"]

1.c4 e6 2.Nf3 d5 3.e3 Nf6 4.b3 Be7 5.Bb2 O-O 6.Nc3 c6 7.d4 b6 8.Bd3 Bb7 9.O-O Nbd7
10.Qe2 Qc7 11.Rad1 Rad8 12.Rfe1 Rfe8 13.e4 dxe4 14.Nxe4 Nxe4 15.Qxe4 Nf8
16.c5 bxc5 17.dxc5 Bxc5 18.Qg4 f5 19.Qc4 Rd5 20.Qc2 Red8 21.Bc4 Rxd1 22.Rxd1 Rxd1+
23.Qxd1 Qd6 24.Qxd6 Bxd6 25.Nd4 Be5 26.Nxe6 Bxb2 27.Nd8+ Kh8 28.Nxb7 Ng6
29.Nd8 Ne7 30.Kf1 g6 31.Ne6 Kg8 32.Ke2 Kf7 33.Kd3 Kf6 34.Nd4 Ke5 35.Nf3+ Kf6
36.b4 g5 37.Kc2 Ba1 38.Kd3 Ng6 39.Kd2 Ne5  1/2-1/2

[Event "Aeroflot Open"]
[Site "Moscow RUS"]
[Date "2002.02.09"]
[Round "7"]
[White "Psakhis,L"]
[Black "Ovetchkin,R"]
[Result "1/2-1/2"]
[WhiteElo "2572"]
[BlackElo "2483"]

1.c4 e6 2.Nf3 d5 3.d4 Nf6 4.g3 Bb4+ 5.Bd2 Be7 6.Bg2 O-O 7.O-O c6 8.Qc2 b6
9.Bf4 Ba6 10.Nbd2 Nbd7 11.Rfe1 Nh5 12.Be3 Rc8 13.cxd5 cxd5 14.Qa4 Nb8 15.Ne5 Qe8
16.Qxe8 Rfxe8 17.Bf3 Nf6 18.Rec1 Nfd7 19.Nxd7  1/2-1/2

[Event "Aeroflot Open"]
[Site "Moscow RUS"]
[Date "2002.02.09"]
[Round "8"]
[White "Shchekachev,A"]
[Black "Firman,N"]
[Result "1/2-1/2"]
[WhiteElo "2573"]
[BlackElo "2485"]

1.Nf3 e6 2.c4 d5 3.d4 Nf6 4.Nc3 c6 5.Bg5 dxc4 6.e4 b5 7.e5 h6 8.Bh4 g5 9.Nxg5 hxg5
10.Bxg5 Nbd7 11.g3 Qa5 12.exf6 b4 13.Ne4 Ba6 14.b3 c3 15.Qf3 Bxf1 16.Kxf1 Qd5
17.Kg2 c5 18.dxc5 Nxc5 19.Nxc5 Bxc5 20.Rad1 Qxf3+ 21.Kxf3 a5 22.h4 O-O 23.Rhe1 Rfd8
24.Rxd8+ Rxd8 25.Rxe6 Rd3+ 26.Ke2 fxe6 27.Kxd3 Bxf2 28.g4 Kf7 29.h5 e5 30.h6 Kg6
31.f7 Kxf7 32.h7 Kg7 33.Bf6+ Kxh7 34.Bxe5 Kg6 35.Bc7 Kg5 36.Bxa5 Bc5  1/2-1/2

[Event "10th Open"]
[Site "Valle d'Aosta ITA"]
[Date "2002.02.09"]
[Round "1"]
[White "Degembe,P"]
[Black "Flear,G"]
[Result "0-1"]
[WhiteElo "2117"]
[BlackElo "2511"]

1.c4 e6 2.Nf3 d5 3.e3 Nf6 4.Be2 Be7 5.O-O O-O 6.b3 b6 7.Bb2 Bb7 8.d4 Nbd7
9.Nbd2 dxc4 10.Nxc4 Rc8 11.Rc1 c5 12.dxc5 Rxc5 13.b4 Rd5 14.Qb3 Qb8 15.Rfd1 Rxd1+
16.Rxd1 Bd5 17.b5 Rc8 18.Rc1 Nc5 19.Qd1 Rd8 20.Qf1 Nfe4 21.Nfe5 Qb7 22.f3 Nd6
23.e4 Bxc4 24.Bxc4 Nxc4 25.Qxc4 Bf6 26.Bd4 Bxe5 27.Bxe5 Qd7 28.Bg3 Qd2 29.Qc2 h5
30.Be1 Qxc2 31.Rxc2 Rd1 32.Kf2 Rb1 33.Bc3 Rxb5 34.Ke3 f6 35.Bd4 Kf7 36.f4 Ke7
37.h3 a5 38.g4 hxg4 39.hxg4 Nd7 40.Rc6 e5 41.fxe5 Nxe5 42.Rc7+ Nd7 43.Rc6 Rg5
44.Kf4 b5 45.a3 b4 46.axb4 axb4 47.e5 Nxe5 48.Bxe5 Rxe5 49.Rb6 Kf7 50.Rxb4 Kg6
51.Ra4 Rb5 52.Rc4 Ra5 53.Rb4 Ra1 54.Rb5 Rh1 55.Ra5 Rh3 56.Rb5 Kh6 57.Rf5 g5+
58.Ke4 Kg6 59.Rf3 Rh4 60.Rg3 f5+ 61.Kf3 f4 62.Rg1 Rh3+ 63.Kf2 Kf6 64.Rg2 Ke5
65.Rg1 Ke4 66.Rg2 f3 67.Rg1 Kf4  0-1

[Event "10th Open"]
[Site "Valle d'Aosta ITA"]
[Date "2002.02.12"]
[Round "4"]
[White "Contin,D"]
[Black "Jonkman,H"]
[Result "1/2-1/2"]
[WhiteElo "2358"]
[BlackElo "2498"]

1.c4 e6 2.Nf3 d5 3.b3 Nf6 4.g3 Be7 5.Bg2 O-O 6.O-O c5 7.e3 b6 8.Bb2 Bb7 9.Qe2 Nbd7
10.Rd1 Qc7 11.Nc3 Rac8 12.cxd5 Nxd5 13.Nxd5 exd5 14.Rac1 Rfe8 15.d4 Nf8 16.dxc5 bxc5
17.b4 Ne6 18.bxc5 Bxc5 19.Nd4 Qa5 20.Nxe6 fxe6 21.Bxg7 Kxg7 22.Qb2+ Kg8 23.Qxb7 Rb8
24.Qc6 Rbc8 25.Qb7 Rb8 26.Qd7 Rbd8 27.Qc6 Rc8 28.Qb7  1/2-1/2

[Event "13th Asian Cities"]
[Site "Aden YEM"]
[Date "2002.02.13"]
[Round "9"]
[White "Juswanto,D"]
[Black "Atia,M"]
[Result "1-0"]
[WhiteElo "2516"]
[BlackElo "2176"]

1.c4 e6 2.Nf3 d5 3.d4 Nf6 4.g3 Bb4+ 5.Bd2 Bxd2+ 6.Nbxd2 O-O 7.Bg2 b6 8.O-O Bb7
9.Rc1 Nbd7 10.cxd5 Bxd5 11.b4 Qe7 12.Rxc7 Qd6 13.Qc2 Ne8 14.Rc3 Qxb4 15.a3 Qe7
16.e4 Bb7 17.e5 Bd5 18.Nc4 Rc8 19.Ne3 Be4 20.Qc1 Rxc3 21.Qxc3 f6 22.exf6 Ndxf6
23.Qb3 Nd5 24.Ng4 Ndf6 25.Nge5 Bd5 26.Qa4 Qb7 27.Rc1 Nd6 28.Qb4 Nf7 29.Nxf7 Rxf7
30.Qd6 Ne8 31.Qd8 Rf8 32.Ne1 Qf7 33.f3 Qf6 34.Qxf6 gxf6 35.Nd3 Nd6 36.Nf4 Bc4
37.Re1 Kf7 38.Bh3 f5 39.Bf1 Bxf1 40.Rxe6 Nb5 41.Kxf1 Re8 42.Rh6 Kg7 43.Rc6 Nxd4
44.Rc7+ Kh6 45.Kf2 Nb5 46.Rf7 Nxa3 47.h4 Nc4 48.Rxa7 Rf8 49.Rc7 Ne5 50.Rb7 Rf6
51.Nd5 Re6 52.Rxb6 Rxb6 53.Nxb6 Kg6 54.Nd5 Nc4 55.Ke2  1-0

[Event "XVIII Open"]
[Site "Cappelle la Grande FRA"]
[Date "2002.02.14"]
[Round "6"]
[White "McNab,C"]
[Black "Rozentalis,E"]
[Result "0-1"]
[WhiteElo "2425"]
[BlackElo "2598"]

1.c4 e6 2.Nf3 d5 3.b3 d4 4.e3 Nc6 5.exd4 Nxd4 6.Bb2 Bc5 7.g3 Qf6 8.Nxd4 Bxd4
9.Bxd4 Qxd4 10.Nc3 Bd7 11.Bg2 Bc6 12.Bxc6+ bxc6 13.Qf3 Ne7 14.O-O O-O 15.Rad1 Rad8
16.Rfe1 Rd7 17.Re4 Qf6 18.Rf4 Qe5 19.Re4 Qa5 20.d4 Rfd8 21.Kg2 h6 22.Rf4 Ng6
23.Re4 Qf5 24.Qe2 Qf6 25.Qe3 Ne7 26.Ne2 c5 27.d5 exd5 28.cxd5 Nxd5 29.Re8+ Kh7
30.Qe4+ g6 31.Rxd8 Qxd8 32.Rc1 Nf6 33.Qf3 Rd3 34.Qc6 Rd2 35.Qf3 Qe7 36.Nc3 Qe5
37.Na4 Kg7 38.Rxc5 Qe1 39.Nc3 Ng4 40.Ne4 Ne3+ 41.Kh3 Qf1+ 42.Kh4 Ng2+ 43.Kg4 f5+
44.Rxf5 gxf5+ 45.Qxf5 Ne3+ 46.fxe3 Qxf5+ 47.Kxf5 Rxh2 48.a4 Kf7 49.g4 Re2
50.Kf4 Ke6 51.Nc3 Rb2 52.Nb5 c5 53.Nxa7 Rxb3 54.Nc6 Rb6  0-1

[Event "10th Open"]
[Site "Valle d'Aosta ITA"]
[Date "2002.02.14"]
[Round "6"]
[White "Perez,Rod"]
[Black "Jonkman,H"]
[Result "1/2-1/2"]
[WhiteElo "2429"]
[BlackElo "2498"]

1.c4 e6 2.Nf3 d5 3.b3 Nf6 4.g3 Be7 5.Bg2 O-O 6.O-O c5 7.e3 b6 8.Bb2 Bb7 9.Nc3 Nbd7
10.Qe2 Ne4 11.cxd5 Nxc3 12.Bxc3 Bxd5 13.d4  1/2-1/2

[Event "XVIII Open"]
[Site "Cappelle la Grande FRA"]
[Date "2002.02.15"]
[Round "7"]
[White "Silva,Fe"]
[Black "Nikitin,An"]
[Result "1/2-1/2"]
[WhiteElo "2316"]
[BlackElo "2506"]

1.c4 e6 2.Nf3 d5 3.b3 Nf6 4.Bb2 Be7 5.e3 O-O 6.Be2 c5 7.O-O b6 8.cxd5 Nxd5
9.d4 Bb7 10.Nc3 Nd7 11.Nxd5 Bxd5 12.Rc1 Rc8 13.Rc2 cxd4 14.Rxc8 Qxc8 15.Qxd4 Bf6
16.Qd2 Qb7 17.Bxf6 Nxf6 18.Rc1 Rc8 19.Ne1 Ne4 20.Qb2 Rxc1 21.Qxc1 Qc6 22.Qxc6 Bxc6
23.Bf3 Kf8 24.Nc2 e5 25.Nb4 Bb7 26.a3 Ke7 27.Bxe4 Bxe4 28.f3 Bb7 29.e4 Kd6
30.Kf2 Bc8 31.Na2 Kc5 32.Ke3 a5 33.Nc1 f6 34.Kd3 Ba6+ 35.Kc3 Bf1 36.Nd3+ Kb5
37.Ne1 g6 38.g3 g5 39.Nc2 Be2 40.Ne1 Bd1 41.h4 h5 42.b4 axb4+ 43.axb4 Ka4
44.Kd2 Bb3 45.Kc3 Be6 46.Nd3 gxh4  1/2-1/2

[Event "Petrov Mem Open"]
[Site "St Petersburg RUS"]
[Date "2002.02.15"]
[Round "4"]
[White "Mirovshchikov,S"]
[Black "Goloshchapov,A"]
[Result "0-1"]
[WhiteElo "2402"]
[BlackElo "2545"]

1.Nf3 e6 2.c4 d5 3.d4 c6 4.e3 f5 5.Be2 Nf6 6.O-O Bd6 7.b3 Qe7 8.Bb2 O-O 9.Qc1 b6
10.Ba3 c5 11.cxd5 exd5 12.Nc3 Ba6 13.dxc5 Bxc5 14.Bxc5 bxc5 15.Qa3 Bxe2 16.Nxe2 Nc6
17.Qa4 Nb4 18.a3 Nd3 19.Nf4 Nxf4 20.Qxf4 Ne4 21.Rfc1 a5 22.h4 Rab8 23.Rab1 Rb7
24.Ne5 Qf6 25.Rc2 Re8 26.Nd3 c4 27.Nc1 a4 28.b4 Nc3 29.Rbb2 Nd1 30.Ra2 Nc3
31.Rab2 Nb5 32.Ra2 Re4 33.Qg5 Qxg5 34.hxg5 f4 35.exf4 Re1+ 36.Kh2 Rc7 37.Nd3 cxd3
38.Rxc7 Nxc7 39.Rd2 Nb5 40.Rxd3 d4  0-1

[Event "10th Open"]
[Site "Valle d'Aosta ITA"]
[Date "2002.02.16"]
[Round "8"]
[White "Plachetka,J"]
[Black "Jonkman,H"]
[Result "1-0"]
[WhiteElo "2422"]
[BlackElo "2498"]

1.c4 e6 2.Nf3 d5 3.d4 dxc4 4.e3 a6 5.Bxc4 Nf6 6.O-O b5 7.Be2 Nbd7 8.a4 b4
9.Nbd2 Bb7 10.Nc4 Be7 11.Nfd2 c5 12.Nb3 Bd5 13.f3 cxd4 14.Nxd4 O-O 15.Kh1 Qc7
16.b3 Rfd8 17.Bb2 Nc5 18.Qc2 Rac8 19.Rac1 g6 20.e4 Nfxe4 21.fxe4 Bxe4 22.Qd2 e5
23.Ne3 Bg5 24.Bc4 exd4 25.Rxf7 Qxf7 26.Bxf7+ Kxf7 27.Bxd4 Kg8 28.Rc4 Ne6
29.Rxc8 Rxc8 30.Bb6 Rc2 31.Qxc2 Bxc2 32.Nxc2 Bd2 33.Kg1 Nf4 34.Kf1 Kf7 35.Ba5 Nd5
36.Ke2 Bc3 37.g3 Ke6 38.Kd3 Ke5 39.Kc4 Ke4 40.Nxb4 Be1 41.Nxd5 Bxa5 42.Nb4 Kf3
43.Nxa6 Kg2 44.b4 Bd8 45.a5 Kxh2 46.Nc5 h5 47.Nd7 g5 48.a6 h4 49.gxh4 g4
50.a7 g3 51.a8=Q g2 52.Ne5 Bxh4 53.Nf3+  1-0

[Event "10th Open"]
[Site "Valle d'Aosta ITA"]
[Date "2002.02.17"]
[Round "9"]
[White "Sulava,N"]
[Black "Flear,G"]
[Result "0-1"]
[WhiteElo "2552"]
[BlackElo "2511"]

1.c4 e6 2.Nf3 d5 3.g3 g6 4.d4 Bg7 5.Bg2 Ne7 6.O-O Nbc6 7.e3 O-O 8.Na3 b6
9.Bd2 a5 10.Qb3 dxc4 11.Nxc4 Bb7 12.Rac1 Rb8 13.Rfd1 Ba8 14.Na3 Na7 15.Qc2 Rc8
16.b4 axb4 17.Bxb4 Re8 18.e4 Nec6 19.Bc3 Qe7 20.Qb2 Na5 21.d5 Bxc3 22.Qxc3 Nb7
23.Ne5 Nc5 24.Ng4 e5 25.f4 Nd7 26.Nc4 f6 27.fxe5 fxe5 28.Rf1 Nb5 29.Qb2 Nd6
30.Nh6+ Kh8 31.Bh3 Nxe4 32.Nxe5 Nxe5 33.Bxc8 Bxd5 34.Qd4 Nf6 35.Rxf6 Qxf6
36.Qxd5 Nf3+ 37.Kh1 Qb2 38.Nf7+ Kg7 39.Qxf3 Qxc1+ 40.Kg2 Rxc8  0-1

[Event "Open"]
[Site "Malaga ESP"]
[Date "2002.03.01"]
[Round "8"]
[White "Matamoros Franco,C"]
[Black "Cifuentes Parada,R"]
[Result "1-0"]
[WhiteElo "2456"]
[BlackElo "2521"]

1.c4 e6 2.Nf3 d5 3.b3 Nf6 4.g3 c6 5.Bg2 a5 6.Nc3 Be7 7.O-O O-O 8.Bb2 Qb6
9.d4 dxc4 10.Ne4 Qa7 11.bxc4 b5 12.Nc5 bxc4 13.Ne5 Nd5 14.Ne4 c3 15.Nxc3 a4
16.Rc1 a3 17.Ba1 Bb7 18.Ne4 Rd8 19.Qb3 Nd7 20.Qf3 Nxe5 21.dxe5 c5 22.Qg4 Kh8
23.Nd6 Rf8 24.Nxf7+ Rxf7 25.Qxe6 Raf8 26.Bxd5 Bg5 27.f4 c4+ 28.Kg2 Bd8 29.Bxb7 Qxb7+
30.Rf3 c3 31.Rxc3 Qb1 32.Rcd3 Qc1 33.Qxf7  1-0

[Event "Masters"]
[Site "Pinamar ARG"]
[Date "2002.03.25"]
[Round "7"]
[White "Sunye Neto,J"]
[Black "Slipak,S"]
[Result "1/2-1/2"]
[WhiteElo "2531"]
[BlackElo "2498"]

1.c4 e6 2.Nf3 d5 3.g3 dxc4 4.Qa4+ Nd7 5.Qxc4 a6 6.Bg2 b5 7.Qc2 Bb7 8.a4 c5
9.Nc3 Qb6 10.axb5 axb5 11.Rxa8+ Bxa8 12.O-O Ngf6 13.d3 Be7 14.Qb3  1/2-1/2

[Event "Asian Youth BU16"]
[Site "Tehran IRI"]
[Date "2002.04.02"]
[Round "7"]
[White "Akbarinia,S"]
[Black "Nasri,A"]
[Result "1-0"]
[WhiteElo "2198"]
[BlackElo "2261"]

1.c4 e6 2.Nf3 d5 3.d4 Nf6 4.g3 dxc4 5.Qa4+ Bd7 6.Qxc4 Bc6 7.Bg2 Bd5 8.Qa4+ Bc6
9.Qd1 Be7 10.O-O O-O 11.Nc3 b5 12.a3 Nbd7 13.Bf4 a6 14.Rc1 Rc8 15.Re1 Nb6
16.e4 Ba8 17.b4 c6 18.Qb3 a5 19.Rcd1 Nc4 20.Bc1 Nd7 21.Ne2 Qc7 22.Nf4 e5
23.dxe5 Ndxe5 24.Nxe5 Nxe5 25.Bb2 Rfe8 26.Ne6 fxe6 27.Qxe6+ Nf7 28.Rd7 Qb8
29.Rxe7 Rxe7 30.Qxe7 Re8 31.Qc5 Ne5 32.Bxe5 Rxe5 33.Qd4 Re8 34.Rd1 axb4 35.axb4 Qc7
36.Qd7 Qe5 37.f4 Qh5 38.Bf3 Qg6 39.Rd6 Qf7 40.Qxf7+ Kxf7 41.Rd7+ Kg8 42.e5  1-0